00470nam a2200157Ia 450000500170000000800410001708200130005810000220007124500330009326000310012630000120015765000230016994200060019295200990019899900150029720250402210704.0240331s9999 xx 000 0 und d bSIVa894 aSivakumaran, K.S. 0aKalai, ilakkiyat thiranaaivu aKandybTamil Mandramc1989 a83 p ., aLiterary Criticism cL 001040708LaWERCLbWERCLcSSCd2024-03-31l0o 894.811 SIVp5125r2024-03-31w2024-03-31yL c4010d4010